| 000 | 00335nam a22001457a 4500 | ||
|---|---|---|---|
| 999 |
_c15460 _d15460 |
||
| 020 | _a9788126530038 | ||
| 082 |
_a551.49 _bTOD/GR |
||
| 100 |
_aTod ,david K. _93169 |
||
| 245 | _aGroundwater hydrology / | ||
| 250 | _a3 ed. | ||
| 260 |
_aHoboken ; _bWiley . _c2005. |
||
| 300 | _a611 p. | ||
| 700 |
_aMays ,larry W. _93170 |
||
| 942 | _cBK | ||